Case Studieson corporate governance (Record no. 2880)

MARC details
000 -LEADER
fixed length control field 00400nam a22001697a 4500
005 - DATE AND TIME OF LATEST TRANSACTION
control field 20160616103828.0
008 - FIXED-LENGTH DATA ELEMENTS--GENERAL INFORMATION
fixed length control field 160616b xxu||||| |||| 00| 0 eng d
020 ## - INTERNATIONAL STANDARD BOOK NUMBER
ISBN 978-81-81314-2118-5
041 ## - LANGUAGE CODE
Language code of text/sound track or separate title eng
082 ## - DEWEY DECIMAL CLASSIFICATION NUMBER
Item number 7910
100 ## - MAIN ENTRY--AUTHOR NAME
Personal name Muthu Kumar, R
245 ## - TITLE STATEMENT
Title Case Studieson corporate governance
260 ## - PUBLICATION, DISTRIBUTION, ETC. (IMPRINT)
Name of publisher ICPAI BOOKS
300 ## - PHYSICAL DESCRIPTION
Number of Pages 251
650 ## - SUBJECT ADDED ENTRY--TOPICAL TERM
Topical Term Management
942 ## - ADDED ENTRY ELEMENTS (KOHA)
Koha item type Books
Holdings
Lost status Damaged status Home library Current library Shelving location Date acquired Full call number Accession Number Koha item type
    JRU Library   SHELF-32-C 16/06/2016 7910 7910 Books